00811nam a22002417a 450000500170000001000130001702000220003003500130005203700160006504000120008108200160009310000230010924500440013226000450017627000510022130000240027250000510029665000230034765000290037094200260039999900190042595201250044420170124110040.0 aA-680105 c45.00a8120308336 aA-680105 bCen Lib/Ret aDPLbEN a882.08bSHA aLyon, John 923561 aThe merchant of venice /cby John Lyon  aNew DelhibPrentice hall of India c1993 bNew DelhiaB-16, Okhla industrial areae110020 axix,152p.c21cm(Hb) aIncludes bibliographical references and index  a literature 96262 aEpic literature 9101995 2ddccENh882.08mSHA  c128486d128486 00104070aLbLd2015-07-02eCen LIb/Retg45.00l0o882.08 SHApA-680105r2015-07-02 00:00:00t1v45.00w2015-07-02yEN